Hard Mode: Countries by the Countries that they Hate - Click Map - Statistics

General Stats
  • This quiz has been taken 7 times
  • The average score is 9 of 10
Answers on the Map
Answers color-coded by a green-red scale on the quiz's map according to % correct below.
 
Answer Stats
Answer % Correct
Afghanistan and India
100%
Belgium and Rwanda
100%
Chile and Mexico
100%
Dominican Republic and France
100%
Netherlands and East Timor
100%
Somalia and Tanzania
100%
United States and Ukraine
100%
Nepal and China
80%
United States and Israel
80%
India and North Korea
60%
No matching quizzes found
Score Distribution
Percent of People with Each Score
Percentile by Number Answered
Your Score History
You have not taken this quiz